| 000 | 00873nam a2200217 a 4500 | ||
|---|---|---|---|
| 001 | BRCA_1255 | ||
| 005 | 20190320203341.0 | ||
| 008 | 030108s2002 sp-#---##b---#000-0#spa-# | ||
| 020 | _a8484481905 | ||
| 040 |
_aDLC _cDLC |
||
| 050 | 4 |
_aNB809 _b.P37 2002 |
|
| 100 | 1 |
_aParrado del Olmo, Jesús María _94136 |
|
| 245 | 1 | 0 |
_aTalleres escultóricos del siglo XVI en Castilla y León _barte como idea, arte como empresa comercial _cJesús María Parrado del Olmo. |
| 260 |
_aValladolid _bSecretariado de Publicaciones e Intercambio Editorial, Universidad de Valladolid _c2002 |
||
| 300 |
_a172 p. _c22 cm. |
||
| 440 | 0 |
_aAcceso al saber. _pSerie Arte, arquitectura y urbanismo _v2 _94137 |
|
| 504 | _aBibliografía: p. 163-172 | ||
| 650 | 1 | 4 |
_aEscultura española _ySiglo XVI _zEspaña _94138 |
| 650 | 1 | 4 |
_aEstudios de artistas _xHistoria _ySiglo XVI _zEspaña _94139 |
| 942 |
_2lcc _cB |
||
| 999 |
_c1125 _d1125 |
||